Normal view MARC view
  • Ensminger, Dale, Stulen, Foster B

Entry Personal Name

Number of records used in: 1

001 - CONTROL NUMBER

  • control field: 63912

003 - CONTROL NUMBER IDENTIFIER

  • control field: NUST

005 - DATE AND TIME OF LATEST TRANSACTION

  • control field: 20210628203208.0

008 - FIXED-LENGTH DATA ELEMENTS

  • fixed length control field: 210628|| aca||aabn | a|a d

040 ## - CATALOGING SOURCE

  • Original cataloging agency: NUST
  • Transcribing agency: NUST

100 ## - HEADING--PERSONAL NAME

  • Personal name: Ensminger, Dale, Stulen, Foster B

670 ## - SOURCE DATA FOUND

  • Source citation: Work cat.: (NUST): Ensminger, Dale, Stulen, Foster B , Ultrasonics, data,equations, and their practical uses, 2009
© 2023 Central Library, National University of Sciences and Technology. All Rights Reserved.